Ako sa Lea nebála leva

Bibliographic Details
Main Author: Hevier, Daniel, 1955- (Author)
Format: Article
Language:Slovak
ISSN:0139-911X
Subjects:

MARC

LEADER 00000nab a2200000 a 4500
001 vtls010463735
003 SK-MaSNL
005 20260305001900.0
008 240311 2012xo m 000 0 slo
015 |a SNKBRB 2012/10 
038 |a KEKMK 
040 |a KEKMK  |b slo  |c KEKMK  |e AACR2 
041 |a slo 
044 |a xo  |c SK 
100 1 |a Hevier, Daniel,  |d 1955-  |4 aut  |9 103400 
245 1 0 |a Ako sa Lea nebála leva  |c Daniel Hevier 
650 0 7 |a literatúra pre deti a mládež  |2 kekmk  |9 21893 
773 |t Slniečko  |g Roč.55, č.10 (jún 2001), s.6  |x 0139-911X 
958 |a DB 
999 |c 3222001  |d 3223931